20 dates aléatoires - cours ciné américain (1963 - 1993) - Statistiques

Statistiques générales
  • Ce quiz a été pris 17 fois
    15 depuis la dernière actualisation
  • Le résultat moyen est 14 sur 20
Statistiques - réponses
Film Année % Correct
Le Chevalier des Sables 1965
100%
THX 1138 1971
100%
American Graffiti 1973
100%
A cause d'un assassinat 1974
100%
Conversation secrète 1974
100%
Le Parrain, 2ème partie 1974
100%
Les Trois jours du Condor 1975
100%
Taxi Driver 1976
100%
Star Trek : le film 1979
100%
Les Aventuriers de l'Arche Perdue 1981
100%
Les Aventuriers de l'Arche Perdue 1981
100%
Recherche Susan, désespérément 1985
100%
Predator 1987
100%
Quand Harry rencontre Sally 1989
100%
Blue Steel 1990
100%
Thelma & Louise 1991
100%
Hook, ou la revanche du Capitaine Crochet 1991
100%
Jurassic Park 1993
100%
Le 13ème Guerrier 1999
100%
Le Terminal 2004
100%
Démineurs 2008
100%
Star Wars, Episode VII : Le Réveil de la Force 2015
100%
Jumanji, bienvenue dans la jungle 2017
100%
Bonnie et Clyde 1967
50%
Zabriskie Point 1970
50%
Sweet Sweetback's Baadasssss Song 1971
50%
Le Guépard 1963
0%
Le Lauréat 1967
0%
Dans la chaleur de la nuit 1967
0%
Easy Rider 1969
0%
Macadam Cowboy 1969
0%
Point limite zéro 1971
0%
Délivrance 1972
0%
Opération Dragon 1973
0%
Un après-midi de chien 1975
0%
Les Dents de la Mer 1975
0%
Network, main basse sur la télévision 1976
0%
Star Wars, Episode IV : Un Nouvel Espoir 1977
0%
Rencontres du troisième type 1977
0%
Voyage au bout de l'enfer 1978
0%
Superman, le film 1978
0%
Kramer contre Kramer 1979
0%
Norma Rae 1979
0%
Apocalypse Now 1979
0%
La Porte du Paradis 1980
0%
Star Wars, Episode V : L'Empire contre-attaque 1980
0%
48 Heures 1982
0%
Coup de coeur 1982
0%
Tron 1982
0%
E.T. l'extra-terrestre 1982
0%
Yentl 1983
0%
Indiana Jones et le temple maudit 1984
0%
Purple Rain 1984
0%
La Forêt d'émeraude 1985
0%
Le Secret de la pyramide 1985
0%
Rocky IV 1985
0%
Jumpin' Jack Flash 1986
0%
Working Girl 1988
0%
School Daze 1988
0%
Piège de Cristal 1988
0%
A la poursuite d'Octobre Rouge 1990
0%
Daughters of the Dust 1991
0%
Point Break 1991
0%
Dracula 1992
0%
Une équipe hors du commun 1992
0%
Last Action Hero 1993
0%
Nuits blanches à Seattle 1993
0%
Clerks, les employés modèles 1994
0%
Le Roi Lion 1994
0%
Une Journée en Enfer 1995
0%
Strange Days 1995
0%
Psychose 1998
0%
Star Wars, Episode I : La Menace Fantôme 1999
0%
Thomas Crown 1999
0%
Star Wars, Episode III : La Revanche des Sith 2005
0%
Aucun quiz correspondant
Distribution des résultats
% des personnes avec chaque résultat
Percentile par nombre de réponses
Votre historique - résultats
Vous n’avez pas pris ce quiz depuis la dernière actualisation